000 00953nam a2200289 i 4500
001 44658
003 ES-MaACL
005 20230906161055.0
007 t|
008 030324s1977 sp ||||1| spa d
020 _a84-7339-281-7
080 _a323.3(38)
080 _a338(38)
080 _a308(38)
245 0 0 _aClases y luchas de clases en la Grecia antigua /
_cClaude Mossé ... [et al.] ; prólogo de Alberto Manuel Prieto Arciniega.
260 _a[Madrid] :
_bAkal,
_c[1977]
300 _a159 p. ;
_c22 cm.
490 1 _aManifiesto. Historia ;
_v54
650 4 _aClases sociales-
_zGrecia-
_vHistoria.
_9167777
651 4 _aGrecia-
_xSituación económica-
_vHistoria.
_9167731
651 4 _aGrecia-
_xSituación social-
_yHasta S.V.
_9167778
700 1 _aMosse, Claude.
_9193541
700 1 _aPrieto Arciniega, Alberto.
_993909
830 1 _aManifiesto. Historia ;
_v54
_9186388
852 _aES-MaACL
_jA-7963
999 _c44658
_d44658